000 00417nam a22001697a 4500
005 20240110095144.0
008 200521b xxu||||| |||| 00| 0 eng d
020 _a9789374736494
041 _aeng
082 _a611 DUB
100 _aDubey, Dr. Aksh And Singh,Dr. Vikash Dhikav
_95674
245 _aQuick Revew Anatomy
260 _aDelhi
_bAITBS PUBLISHERS
300 _a151p.
650 _aPharmacy
942 _cBK
999 _c6367
_d6365